000
00284nam a22001217a 4500
082
_a
823
_b
WON/H
100
_a
WONDER HOUSE
245
_a
HANSEL & GREETEL
246
_a
HANSEL & GREETEL
_b
HANSEL & GREETEL
260
_a
INDIA
_b
WONDER HOUSE
_c
2019
650
_a
ENGLISH STORY
942
_c
BK
999
_c
8691
_d
8691